Potreba implementácie manažmentu znalostí v slovenských podnikoch
Prehľad teoretických prístupov k chápaniu manažmentu znalostí. Úloha znalostí v podnikovej praxi. Identifikácia základných predpokladov úspešnej implementácie manažmentu znalostí v slovenských podnikoch s dôrazom na nutnosť vytvárania podnikovej kultúry podporujúcej rozvoj znalostí.
Gespeichert in:
| 1. Verfasser: | |
|---|---|
| Weitere Verfasser: | |
| Format: | Buchkapitel |
| Sprache: | Slowakisch |
| Schlagworte: | |
| Tags: |
Keine Tags, Fügen Sie das erste Tag hinzu!
|
MARC
| LEADER | 00000naa$a2200000$$$4500 | ||
|---|---|---|---|
| 001 | 0043916 | ||
| 005 | 20240502071521.0 | ||
| 041 | 0 | |a slo | |
| 044 | |a SK | ||
| 245 | 1 | 0 | |a Potreba implementácie manažmentu znalostí v slovenských podnikoch |c Štefan Čarnický, Peter Mesároš |
| 520 | |a Prehľad teoretických prístupov k chápaniu manažmentu znalostí. Úloha znalostí v podnikovej praxi. Identifikácia základných predpokladov úspešnej implementácie manažmentu znalostí v slovenských podnikoch s dôrazom na nutnosť vytvárania podnikovej kultúry podporujúcej rozvoj znalostí. | ||
| 610 | 2 | 0 | |a riadenie znalostí |
| 610 | 2 | 0 | |a podnik |
| 610 | 2 | 0 | |a Slovensko |
| 610 | 2 | 0 | |a manažment |
| 610 | 2 | 0 | |a spoločnosť vedomostná |
| 610 | 2 | 0 | |a vedomosti |
| 610 | 2 | 0 | |a kultúra podnikania |
| 100 | 1 | |a Čarnický, Štefan | |
| 700 | 1 | |a Mesároš, Peter | |